Quiz wiedzy ogólnej #30 - Statystyki

Ogólne statystyki
  • Ten quiz został rozwiązany 261 razy
  • Średni wynik to 11 z 20
Statystyki odpowiedzi
Pytanie Odpowiedź % Poprawnych
Co zaczęło się 01.09.1939 r.? II wojna światowa
96%
Jaki znak zodiaku to również potoczna nazwa choroby? Rak
93%
Regionem jakiego państwa jest Lombardia? Włoch
91%
W jakim państwie znajdziemy miasto Maraton? W Grecji
83%
W jakim dzisiejszym państwie leży Mezopotamia? W Iraku
74%
Jak nazywano seryjnego mordercę zabijającego w Londynie pod koniec XIX wieku? Kuba Rozpruwacz
73%
Jakiego zwierzęcia podobno boją się słonie? Myszy
73%
Czym były włosy Meduzy? Wężami
72%
Kto mówił do swojego pierścienia "mój skarbie"? Gollum
66%
Co wyrabia się w garbarnii? Skóry
64%
Nazwij państwo w Marghrebie Algieria | Libia | Mauretania | Maroko | Tunezja
50%
Jak nazywają się słowa, które czytane od przodu i od tyłu są identyczne? Palindromy
47%
Jeżeli żegluję Newą obok Ermitażu to w jakim mieście jestem W Petersburgu
44%
Kto był ostatnim dyktatorem powstania styczniowego? Romuald Traugutt
43%
Kto rządził Anglią jako lord protektor w latach 1653-1658? Oliver Cromwell
33%
Na jakim kierunku studiów można uczyć się o deliktach? Prawo
33%
Jak nazywa się pojemnik przeznaczony do plucia przez osoby żujące tytoń? Spluwaczka
26%
W jakim miasteczku dorastał Superman? W Smallville
22%
Po śmierci jakiego polskiego króla panowało 3-letnie bezkrólewie? Władysława III Warneńczyka
17%
Jedząc al fresco gdzie jesteś? Na zewnątrz
14%
Nie znaleziono quizów pasujących do podanych kryteriów
Rozkład punktacji
Procent ludzi z każdym wynikiem
Percentyl według liczby udzielonych odpowiedzi
Twoja historia wyników
Nie rozwiązałeś tego quizu